| 000 | 00499nam a22001812 4500 | ||
|---|---|---|---|
| 001 | 0000003294 | ||
| 005 | 20151217151921.0 | ||
| 008 | 070503s xx 000 0 eng d | ||
| 040 |
_aKABU _cKABU |
||
| 050 | 0 |
_aHT166 _b.F67 |
|
| 245 | 1 | 0 |
_aFormulating issue specific : _bStrategies and action plans. |
| 260 |
_aNairobi : _bUNCHS, _c1999. |
||
| 300 | _avii, 117 p. | ||
| 650 | 0 |
_aCity planning. _@0000047171 |
|
| 908 | _a070503 | ||
| 950 | _@1 | ||
| 999 |
_c6338 _d6338 |
||